00521nam a22001937i 45000010005000000030004000050050017000090070003000260080041000290240014000700240020000840400008001040410008001121000030001202450037001502600049001874900048002368300043002845848OSt20180914150756.0tu161220s1996 gw ||||| |||| ||| ||ger d7 a58482RID7 a58482RSN (alt) cOSt ager1 aMichalski, KrzysztofeEd.00aDie Zukunft des Wohlfahrtsstaats aFrankfurt/Main :bVerlag Neue Kritik,c1996.1 aTransit: Europäische Revuev12x0938-2062 0w5841tTransit: Europäische Revuev12